Amino acids three letter codes - Statistics

General Stats
  • This quiz has been taken 98 times
  • The average score is 19 of 20
Answer Stats
Hint Answer % Correct
Alanine Ala
100%
Arginine Arg
99%
Aspartic acid/aspartate Asp
99%
Cysteine Cys
99%
Glutamic acid/glutamate Glu
99%
Glycine Gly
99%
Histidine His
99%
Leucine Leu
97%
Lysine Lys
97%
Methionine Met
97%
Phenylalanine Phe
97%
Proline Pro
97%
Serine Ser
97%
Threonine Thr
97%
Tyrosine Tyr
97%
Valine Val
97%
Tryptophan Trp
94%
Isoleucine Ile
93%
Glutamine Gln
92%
Asparagine Asn
90%
No matching quizzes found
Score Distribution
Percent of People with Each Score
Percentile by Number Answered
Your Score History
You have not taken this quiz